Chẩn đoán X - quang trẻ em xương chi và tuổi xương

保存先:
書誌詳細
第一著者: Trần Văn Tiến
フォーマット: 図書
言語:Undetermined
出版事項: Hà Nội Y Học 1999
主題:
タグ: タグ追加
タグなし, このレコードへの初めてのタグを付けませんか!
Thư viện lưu trữ: Trung tâm Học liệu Trường Đại học Cần Thơ
LEADER 00584nam a2200193Ia 4500
001 CTU_36115
008 210402s9999 xx 000 0 und d
020 |b 41.800đ 
082 |a 618.9271 
082 |b T305 
100 |a Trần Văn Tiến 
245 0 |a Chẩn đoán X - quang trẻ em xương chi và tuổi xương 
245 0 |c Trần Văn Tiến 
260 |a Hà Nội 
260 |b Y Học 
260 |c 1999 
650 |a bones - diseases - diagnosis,pediatrics 
904 |i Minh, 000413 
980 |a Trung tâm Học liệu Trường Đại học Cần Thơ